| 000 | 00637 a2200205 4500 | ||
|---|---|---|---|
| 005 | 20250617085556.0 | ||
| 020 | _a9781119800750 | ||
| 050 |
_aRT 41 _bNUR 2022 |
||
| 245 |
_aNursing Practice : _bKnowldge and Care / _cedited by Ian Peate and Aby Mitchell |
||
| 250 | _athird edition | ||
| 264 |
_aOxford: _bWilley Blackwell, _c2022 |
||
| 300 |
_a684 pages _billustrations(some coloured) |
||
| 336 |
_2rdacontent _atext _btxt |
||
| 337 |
_2rdamedia _aunmediated _bn |
||
| 338 |
_2rdacarrier _avolume _bnc |
||
| 500 | _aincludes index | ||
| 650 | _aNursing practice | ||
| 700 |
_aMitchell,Aby _eeditor |
||
| 942 |
_2lcc _cBK _ethird _h41 _iNUR _kRT |
||
| 999 |
_c11578 _d11578 |
||